000 00483pab a2200169 454500
008 180718b2010 xxu||||| |||| 00| 0 eng d
100 _aGowda, Chandan
245 _aAdvance Mysore!: The cultural logic of a developmental state
260 _c2010
300 _ap.88-95.
362 _a17 Jul
650 _aEconomic and social development - India - Mysore
650 _aEconomic and social development
773 _aEconomic and Political Weekly
908 _aN
909 _a87171
999 _c87171
_d87171